ARRUPE JESUIT UNIVERSITY

CORONAVIRUS -STOP THE SPREAD - CLEAN,DISINFECT,COVER

Les Religions d'Afrique noire, (Record no. 127467)

MARC details
000 -LEADER
fixed length control field 00978cam a22002771 4500
001 - CONTROL NUMBER
control field 8033550
003 - CONTROL NUMBER IDENTIFIER
control field ARRUPE
005 - DATE AND TIME OF LATEST TRANSACTION
control field 20180124082706.0
008 - FIXED-LENGTH DATA ELEMENTS--GENERAL INFORMATION
fixed length control field 771215s1969 fr b 000 0 fre
010 ## - LIBRARY OF CONGRESS CONTROL NUMBER
LC control number 70419041
035 ## - SYSTEM CONTROL NUMBER
System control number (OCoLC)3493199
040 ## - CATALOGING SOURCE
Original cataloging agency DLC
Transcribing agency NRU
Modifying agency OCoLC
-- DLC
042 ## - AUTHENTICATION CODE
Authentication code premarc
050 00 - LIBRARY OF CONGRESS CALL NUMBER
Classification number BL2400
Item number .T54
300 ## - PHYSICAL DESCRIPTION
Dimensions 24 cm.
100 1# - MAIN ENTRY--PERSONAL NAME
Personal name Thomas, Louis-Vincent,
Dates associated with a name 1922-
9 (RLIN) 38364
245 14 - TITLE STATEMENT
Title Les Religions d'Afrique noire,
Remainder of title textes et traditions sacrés
Statement of responsibility, etc Louis-Vincent Thomas
-- et René Luneau avec le concours de J.-L. Doneux.
260 ## - PUBLICATION, DISTRIBUTION, ETC. (IMPRINT)
Place of publication, distribution, etc Paris,
Name of publisher, distributor, etc Fayard, Denoël,
Date of publication, distribution, etc 1969.
300 ## - PHYSICAL DESCRIPTION
Extent 409 p.
490 0# - SERIES STATEMENT
Series statement Le Trésor spirituel de l'humanité
504 ## - BIBLIOGRAPHY, ETC. NOTE
Bibliography, etc Bibliography: p. [395]-400.
651 #0 - SUBJECT ADDED ENTRY--GEOGRAPHIC NAME
Geographic name Africa, Sub-Saharan
General subdivision Religion.
9 (RLIN) 38801
700 1# - ADDED ENTRY--PERSONAL NAME
Personal name Luneau, René,
Relator term joint author.
9 (RLIN) 38510
700 1# - ADDED ENTRY--PERSONAL NAME
Personal name Doneux, J. L.
Fuller form of name (Jean L.)
Relator term joint author.
9 (RLIN) 38802
906 ## - LOCAL DATA ELEMENT F, LDF (RLIN)
a 7
b cbc
c oclcrpl
d u
e ncip
f 19
g y-gencatlg
942 ## - ADDED ENTRY ELEMENTS (KOHA)
Source of classification or shelving scheme Library of Congress Classification
Koha item type Monograph ( Printed materials)
Holdings
Withdrawn status Lost status Source of classification or shelving scheme Damaged status Not for loan Collection code Home library Current library Shelving location Date acquired Total Checkouts Full call number Barcode Date last seen Price effective from Koha item type
    Library of Congress Classification     Main Collection ARRUPE LIBRARY ARRUPE LIBRARY Main Collection 24/01/2018   BL2400 .T54 46600000821 24/01/2018 24/01/2018 Monograph ( Printed materials)

 

Arrupe Library. PO Box MP320 Mt Pleasant, Harare, Zimbabwe
263 242 745411|librarian@aju.ac.zw